MDQL
is popping MORE tags! Check the
thread
!
Quizzes
Events
Quiz Creation
Community
Videos
Private Events
Remove Ads
Sign In
Join for FREE
Feedback
Dark Mode
Quiz Categories
Sports
Geography
Music
Movies
Television
Just For Fun
Miscellaneous
History
Literature
Language
Science
Gaming
Entertainment
Religion
Holiday
For Kids
Quiz Lab
Recent
Popular Today
Quiz Kudos Today
Editor Picks
Curator Picks
Quizzes by...
Day
Popularity
Type
Ratings
Length
Year
Community
Subscriptions
Recent Discussions
Orange Saloon
Badges
Playlists
Quests
Create
Leaderboards
Showdown
Live 5
Trivia Bingo
Activity
Puzzle Library
Sporcle Events
Private Events
Virtual Trivia
Globe League
Become a Host
Pub Owners
SporcleCon
Opinionation
Our Games
Videos
Blog
Mobile Apps
Partnerships
Remove Ads and Go Orange
Feedback
Sports
Athletes
MLB
NBA
NHL
NFL
Soccer
Sports Teams
WWE
NCAA
Football
Premier League
Basketball
Baseball
Hockey
Golf
Tennis
Cricket
Rugby
Auto Racing
Olympics
World Cup
Sports
Athletes
MLB
NBA
NHL
NFL
Soccer
Sports Teams
WWE
NCAA
Football
Premier League
Basketball
Baseball
Hockey
Golf
Tennis
Cricket
Rugby
Auto Racing
Olympics
World Cup
Random Quiz
Search Sporcle
×
Quiz Lab
Quiz Lab
Sports
Athletes
Type in answers that appear in a list
Type in answers that appear in a list
Classic
Best Score? Go Orange.
MLB All Star Rookie Starters Stats
Can you name the MLB All Star Rookie Starters?
By
nowaybrah77
6m
22 Questions
339 Plays
339 Plays
339 Plays
Comments
Comments
Give Quiz Kudos
Give Quiz Kudos
-
- Ratings
hide this ad
Replay
Link that replays current quiz
Next Quiz
Link to next quiz in quiz playlist
You Got
0%
They Got
Avg Score
35%
Avg Friend Score
Upgrade to see
Score Distribution
Jump to the score distribution portion of the page
Score
0/22
Timer
06:00
0
Plays Today
Year
Athlete
% Correct
2001
Ichiro Suzuki
85.8%
2008
Geovany Soto
69.6%
1936
Joe Dimaggio
56.9%
1981
Fernando Valenzuela
55.8%
1995
Hideo Nomo
55.2%
1967
Rod Carew
54.9%
1956
Frank Robinson
53.1%
2008
Kosuke Fukudome
51.9%
2003
Hideki Matsui
46.3%
1990
Sandy Alomar Jr.
46.3%
1986
Wally Joyner
39.8%
Year
Athlete
% Correct
1976
Mark Fidrych
39.8%
1964
Tony Oliva
39.2%
1948
Richie Ashburn
18.3%
1962(2)
Tom Tresh
14.7%
1966
George Scott
13%
1950
Walt Dropo
11.2%
1960(*)
Ron Hansen
5.9%
1962(*)
Rich Rollins
5.6%
1962(2)
Dave Stenhouse
4.4%
1943
Dick Wakefield
1.5%
1949
Eddie Kazak
0.9%
Quiz Playlist
Details
Report
Send in Message
Add To Playlist
Classic:
Type in answers that appear in a list
Last Updated: Feb 16, 2017
Quiz Scoreboard
CHALLENGE
Sign Up to Join the Scoreboard
Show All
Scores
Hide
Comments
May contain spoilers
Recently Published
Image Sorting: Flags VI
by Barbecue
Geography
2m
Find the 'City' Movie
by crazypaving
Movies
60s
Colored Red Africa Blitz
by spor1
Geography
45s
More to Explore
Quiz From the Vault
Featured Blog Post
14 Easter Pick-up Lines to Find Eggs With
hide this ad
You Might Also Like...
Tags
Athletes Quiz
Baseball Quiz
MLB Quiz
All-Star
rookie
star
Starter
team
Today's Top Quizzes in Sports
Browse Sports
hide this ad
Today's Top Quizzes in Athletes
Browse Athletes
Top Contributed Quizzes in Sports
1
Les meilleurs buteurs des matchs entre le PSG et l’OM
2
Les entraîneurs de l'OM et du PSG au 21e siècle
3
Les joueurs passés par le PSG et l'OM
4
2022 World Cup Stars
5
Players with Multiple 50 Home Run Seasons
6
Criteria MLB: Left Handed Sluggers
7
MLB Players with Two .350 Batting Average Seasons
8
Les joueurs passés par le LOSC et le RC Lens
9
NBA Logic Puzzle 2.0
10
Top 10 NHL Goal Scorers of All Time
Explore More
Trending Topics
Disney
Harry Potter
Kpop
Anime
Crossword
NBA
Marvel
Soccer
WWE
Country
The Office
NFL
Song
Puzzle
Pokémon
hide this ad
More By:
nowaybrah77
Quiz
Plays
Rating
Category
Featured
Created
Red Sox Team of The Decade
2,532
3.35
Sports
Aug 11, 2010
Who Wants To Be A Millionaire: Seinfeld
2,188
3.73
Entertainment
Jul 22, 2010
9 Most Watched TV Finales
715
2.93
Entertainment
Jul 22, 2010
Largest Baseball Stadiums
436
3.58
Sports
Jul 22, 2010
MLB All Star Rookie Starters
339
3.89
Sports
Jul 23, 2010
Go to Creator's Profile
Score Distribution
Quiz Creator Spotlight
nowaybrah77
Follow
Send a Message
Quizzes Created
-
Created Quiz Play Count
-
More By This Creator
Popular Quizzes Today
1
Colored Red Africa Blitz
2
Find the US States - No Outlines Minefield
3
Find the 'City' Movie
4
5x2 Blitz: Bands
5
The Countries of the World
6
Find the US States
7
Find the Countries of Europe - No Outlines Minefield
8
US States
More Sports Quizzes
International Footballers: Nab the Northern Irish
Quiz Lab
Trending Quizzes
Colored Red Europe Blitz I
Colored Red Europe Blitz II
Colored Red Africa Blitz II
Colored Red Europe Blitz III
Colored Red Africa Blitz III
Recently Updated
How Do You Spell That?
pecheneg
Godzilla Movies
pecheneg
Grab Bag: 4-10 Letters
pecheneg
2024 March Madness Bracket
pecheneg
Famous TV Couples
Peacemaker
Champions League XIs: Real Madrid
pecheneg
Largest US Cities 1790-2010
pecheneg
Rides in Walt Disney World
pecheneg
Most Oscar Losses (Acting)
pecheneg
Beyoncé Albums
pecheneg
Trending Topics
Anime
Disney
Kpop
Crossword
Harry Potter
NBA
Marvel
Pokémon
NFL
Country
The Office
Soccer
Song
Puzzle
WWE
Your Account Isn't Verified!
In order to create a playlist on Sporcle, you need to verify the email address you used during registration. Go to your
Sporcle Settings
to finish the process.
Report this User
Report this user for behavior that violates our
Community Guidelines
.
Details:
Send Report
Go to the Sporcle.com Mobile Site →
Comments